Tennis Big 3 H2H : Guess Who Won - Statistics

General Stats
  • This quiz has been taken 72 times
  • The average score is 11 of 20
Answer Stats
Question Answer % Correct
Dubai Open 2007 (Quarterfinals, Hardcourt) Federer
78%
Paris Masters 2009 (Semifinals, Hardcourt Indoor) Djokovic
76%
Indian Wells Masters 2015 (Final, Hardcourt) Djokovic
76%
Madrid Open 2011 (Semifinals, Clay Court) Nadal
76%
Indian Wells Masters 2008 (Semifinals, Hardcourt) Djokovic
71%
Canadian Open 2007 (Semifinals, Hardcourt) Djokovic
68%
China Open 2013 (Final, Hardcourt) Djokovic
68%
Monte-Carlo Masters 2008 (Semifinals, Clay Court) Federer
68%
Shanghai Masters 2010 (Semifinals, Hardcourt) Federer
56%
ATP World Tour Finals 2013 (Round Robin, Hardcourt Indoor) Djokovic
54%
Tennis Masters Cup 2007 (Round Robin, Hardcourt Indoor) Nadal
54%
Hamburg Masters 2008 (Final, Clay Court) Nadal
51%
Queen's Club Championships 2008 (Final, Grass Court) Nadal
51%
Canadian Open 2013 (Semifinals, Hardcourt) Nadal
51%
Indian Wells Masters 2012 (Semifinals, Hardcourt) Federer
49%
Indian Wells Masters 2013 (Quarterfinals, Hardcourt) Nadal
49%
Italian Open 2014 (Final, Clay Court) Djokovic
46%
Dubai Open 2014 (Semifinals, Hardcourt) Federer
44%
Dubai Open 2006 (Final, Hardcourt) Nadal
32%
Swiss Indoors 2009 (Final, Hardcourt Indoor) Djokovic
24%
No matching quizzes found
Score Distribution
Percent of People with Each Score
Percentile by Number Answered
Your Score History
You have not taken this quiz